El síndrome del atraso escolar y el abandono del sistema educativo.

Uloženo v:
Podrobná bibliografie
Hlavní autor: Muñoz Izquierdo, Carlos (autor)
Médium: Seriál
Jazyk:španělština
Témata:
On-line přístup:Ver documento en línea
Tagy: Přidat tag
Žádné tagy, Buďte první, kdo vytvoří štítek k tomuto záznamu!

MARC

LEADER 00000cas^a2200000uu^4500
001 000480074
005 20260414000000.0
008 050901s1979^^^^^^^^^^^brd^^^^000^0^spa^d
009 20260414093931.373
035 |a FCE 000023082 
035 |a FCE 005161 
037 |a Acervo ITESO - Biblioteca 
041 |a spa 
095 |a 1654 CIDE 
100 |a Muñoz Izquierdo, Carlos  |e (autor) 
245 1 3 |a El síndrome del atraso escolar y el abandono del sistema educativo.  |h [Microfichas] 
264 |a México :  |b CEE,  |c 1979. 
336 |a texto  |b txt  |2 rdacontenido 
337 |a sin mediación  |b n  |2 rdamedio 
338 |a volumen  |b nc  |2 rdasoporte 
649 |a XX 
650 |a Fracaso escolar 
650 |a Deserción escolar 
650 |a Relación alumno-docente 
740 |g vol. 9, no. 3, 1979, pp. 1-60  |t Revista Latinoamericana de Estudios Educativos. 
856 4 0 |u https://redalyc.uaemex.mx/redalyc/src/inicio/ArtPdfRed.jsp?iCve=27035407&iCveNum=4061  |y Ver documento en línea 
910 |a Fondo Centro de Estudios Educativos 
920 |a Impresos - Libros 
930 |a Fondos Especiales 
905 |a 133 
902 |a https://opac.biblio.iteso.mx/vufind/Record/000480074